000 00714 a2200205 4500
010 _aENG-89288
020 _a8170247489
_c300.00
035 _aEN-72821
037 _bDBAD / PUB
082 1 4 _a338.4791
090 _c10704
_d10704
245 1 _aProfiles in Indian tourism/
_cedited by Shalini Singh
260 _aNew Delhi
_bAPH Publishing Corporation
_c2008
270 _a4435-36/7, Ansari Road, Darya Ganj,
_bNew Delhi
_cDelhi
_e110002
_k23274050
_maphbook@vsnl.net
300 _axiii, 215p.
_c22 cm ( Hb.)
500 _aIncludes index
700 1 _aSingh, Shalini
942 _adpl
_cEN
_k338.4791/ PRO
999 _c10409
_d10409